| 000 | 01498cam a22002174a 4500 | ||
|---|---|---|---|
| 005 | 20250605163923.0 | ||
| 008 | 250528s ||||||||||||||||||||||||d | ||
| 035 | _a14457 | ||
| 020 | _a1861520905 | ||
| 040 |
_aGR-AtMCL _bgre _dGR-AtMCL _eAACR2 |
||
| 245 | 1 | _aAccounting in a Business Context / Third Edition | |
| 250 | _a3rd | ||
| 260 |
_bThomson Learning, _c1997 |
||
| 300 | _a432 | ||
| 520 | _aThis book offers the ideal balance of coverage of fnancial and management accounting topics, presented in a readable and accessible way that non-accounting students will appreciate. Acknowledgements, Preface, Introduction to Accounting, Wealth and the Measurement of Profit, The Measurement of Wealth, The Profit and Loss Account, Introduction to the Worksheet, Stocks and Work in Progress, Debtors and Creditors and Accruals and Prepayments, Fixed Assets and Depreciation, Financing and Business Structures, Final Accounts and Partnerships and Companies, Cash Flow Statements, Financial Statement Analysis, Internal Users and Internal Information, Planning and Control, Cost Behavior and Cost-Volume-Profit Analysis, Accounting for Overheads and Product Costs, Accounting for Decision Making: When There are no Resource Constraints, Accounting for Decision Making: Resource Constraints and Decisions which are Mutually Exclusive, Budgets, Investment Decisions, Appendix, Index. | ||
| 700 | 1 |
_aBerry Aidan _9118 |
|
| 700 | 1 |
_aJarvis Robin _9119 |
|
| 942 | _cBK | ||
| 999 |
_c87 _d87 |
||